000
00303cam a22001217a 4500
008
180718b1952 xxu||||| |||| 00| 0 eng d
082
_a
T4125 Ei68
100
_a
Einzig, Paul
245
_a
Inflation
_c
by Paul Einzig
260
_a
London
_b
Chatto and Windus
_c
1952
300
_a
222p.
650
_a
Inflation
999
_c
434502
_d
434502